[Event "XI Open"]
[Site "Crema ITA"]
[Date "2009.09.06"]
[Round "6"]
[White "De Paoli, Emilio"]
[Black "Salami, Marco"]
[Result "0-1"]
[WhiteElo "1914"]
[BlackElo "2172"]
[PlyCount "128"]
[EventDate "2009.09.04"]

1. d4 d5 2. c4 Nc6 3. Nf3 Bg4 4. cxd5 Bxf3 5. exf3 Qxd5 6. Be3 e5 7. Nc3 Bb4 8.
Qd2 Qa5 9. dxe5 Rd8 10. Qc1 Qxe5 11. Be2 Bxc3+ 12. bxc3 Nge7 13. O-O O-O 14.
Rb1 b6 15. Bb5 Qe6 16. a4 h6 17. Re1 Qg6 18. Bf4 Nd5 19. Bg3 Qf6 20. h3 Rfe8
21. c4 Rxe1+ 22. Qxe1 Nde7 23. Bxc7 Rc8 24. Bg3 Nf5 25. Rd1 Nxg3 26. fxg3 Nd4
27. Qf2 Rd8 28. Kh2 Qd6 29. Re1 Ne6 30. Re4 a6 31. c5 Qxc5 32. Qxc5 Nxc5 33.
Re8+ Rxe8 34. Bxe8 Kf8 35. Bc6 Ke7 36. g4 Kd6 37. Be8 f6 38. Kg3 Nd7 39. Kf4
Ne5 40. Ke3 Ke7 41. f4 Nxg4+ 42. hxg4 Kxe8 43. Kd4 Ke7 44. Kd5 Kd7 45. f5 Kc7
46. Ke6 Kc6 47. Kf7 b5 48. axb5+ axb5 49. Kxg7 b4 50. Kxf6 b3 51. Kg7 b2 52. f6
b1=Q 53. f7 Qb2+ 54. Kg8 Qb3 55. Kg7 Qc3+ 56. Kg8 Qc4 57. Kg7 Qd4+ 58. Kg8 Qd5
59. Kg7 Qg5+ 60. Kh7 Qf6 61. Kg8 Qg6+ 62. Kf8 Kd6 63. g5 Ke6 64. gxh6 Qxf7# 0-1

[Event "XI Open"]
[Site "Crema ITA"]
[Date "2009.09.06"]
[Round "6"]
[White "Delle Fave, Fabio"]
[Black "Raffaldi, Fabrizio"]
[Result "1/2-1/2"]
[WhiteElo "1774"]
[BlackElo "1760"]
[PlyCount "102"]
[EventDate "2009.09.04"]

1. e4 c6 2. d4 d5 3. exd5 cxd5 4. Bb5+ Bd7 5. Bxd7+ Qxd7 6. Nf3 e6 7. c3 Nf6 8.
Bg5 Be7 9. Nbd2 Nc6 10. Qe2 O-O 11. O-O Qd8 12. Ne5 Nxe5 13. Qxe5 Rc8 14. Rac1
Nd7 15. Bxe7 Qxe7 16. Qe3 Qd6 17. Rfe1 Rfd8 18. f4 Re8 19. Nf3 Nf6 20. Nd2 b5
21. a3 h6 22. Qe5 Qxe5 23. fxe5 Nd7 24. Re3 Nb6 25. Nb3 Nc4 26. Re2 a5 27. Nc5
Rb8 28. Kf2 Red8 29. Ra1 Nb6 30. Na6 Rb7 31. Nc5 Rbb8 32. Ke3 Na4 33. Rc2 Nxc5
34. dxc5 Rdc8 35. b4 a4 36. Rf1 Rb7 37. Rcf2 g6 38. g4 Kg7 39. h4 Rd7 40. Kd4
Rc6 41. Rf6 Rdc7 42. R1f4 Rd7 43. Ke3 Rc8 44. Rd4 Rc6 45. Rf2 Kf8 46. g5 h5 47.
Rfd2 Rdc7 48. Rf4 Kg8 49. Rdf2 Kg7 50. Rf6 Kg8 51. Kd4 Kg7 1/2-1/2

[Event "XI Open"]
[Site "Crema ITA"]
[Date "2009.09.06"]
[Round "6"]
[White "Distratis, Gianluca"]
[Black "Rotoni, Matteo"]
[Result "0-1"]
[WhiteElo "1926"]
[BlackElo "2176"]
[PlyCount "114"]
[EventDate "2009.09.04"]

1. e4 e6 2. d4 d5 3. Nd2 Be7 4. Bd3 c5 5. c3 Nf6 6. e5 Nfd7 7. Ne2 b6 8. O-O
Ba6 9. Bxa6 Nxa6 10. f4 g6 11. Nf3 Qc8 12. a3 Qb7 13. Be3 Rc8 14. Rc1 b5 15. g4
h5 16. h3 hxg4 17. hxg4 Nb6 18. Nd2 Kd7 19. Qb3 Nc4 20. Rf3 Rh4 21. g5 Rch8 22.
Nf1 Nb8 23. Nfg3 Nc6 24. Rd1 Nxe3 25. Rxe3 c4 26. Qc2 a5 27. Rf3 Qb8 28. Rdf1
Qb6 29. R3f2 b4 30. axb4 axb4 31. Qa4 bxc3 32. bxc3 Rb8 33. Ra1 Rhh8 34. Rff1
Ra8 35. Qc2 Qb3 36. Qd2 Rhb8 37. Rab1 Qa3 38. Ra1 Qxa1 39. Rxa1 Rxa1+ 40. Kf2
Rbb1 41. Qe3 Na5 42. Qf3 Nb3 43. Qg4 Nc1 44. f5 gxf5 45. Nxf5 Nxe2 46. Nxe7
Nxc3 47. Ng8 Rb2+ 48. Kf3 Rf1+ 49. Ke3 Re2+ 50. Qxe2 Nxe2 51. Kxe2 Rg1 52. Nf6+
Ke7 53. Ng8+ Kf8 54. Nf6 Kg7 55. Nh5+ Kg6 56. Nf4+ Kf5 57. Nh3 Ra1 0-1

[Event "XI Open"]
[Site "Crema ITA"]
[Date "2009.09.06"]
[Round "6"]
[White "Gerundino, Nicola"]
[Black "Gonella, Daniele"]
[Result "1-0"]
[WhiteElo "1961"]
[BlackElo "1827"]
[PlyCount "101"]
[EventDate "2009.09.04"]

1. e4 e5 2. Nf3 Nc6 3. Nc3 Nf6 4. g3 Bc5 5. Nxe5 Nxe5 6. d4 Bb4 7. dxe5 Nxe4 8.
Qd4 Nxc3 9. Qxb4 Nd5 10. Qd4 Ne7 11. Bg2 O-O 12. O-O Re8 13. f4 d6 14. exd6
Qxd6 15. Qxd6 cxd6 16. c4 Nc6 17. Rd1 Rd8 18. b3 Bg4 19. Rd2 Rd7 20. Ba3 Rad8
21. h3 Be6 22. Rad1 Ne7 23. g4 f5 24. Rxd6 Rxd6 25. Rxd6 Rxd6 26. Bxd6 Nc6 27.
g5 Bc8 28. Bd5+ Kh8 29. Kf2 g6 30. Ke3 Kg7 31. b4 Nd8 32. a4 Ne6 33. a5 Kf7 34.
b5 Ke8 35. Be5 Kd7 36. Bb8 a6 37. Be5 Ke7 38. Bc3 axb5 39. Bb4+ Kd7 40. cxb5
Kc7 41. b6+ Kb8 42. Bd6+ Ka8 43. a6 Nd8 44. Bc7 Nc6 45. Bxc6 bxc6 46. b7+ Bxb7
47. axb7+ Kxb7 48. Be5 Kb6 49. Kd4 Kb5 50. Bd6 Kb6 51. Kc4 1-0

[Event "XI Open"]
[Site "Crema ITA"]
[Date "2009.09.06"]
[Round "6"]
[White "Giannetta, Paolo"]
[Black "Petrone, Gianmario"]
[Result "1-0"]
[WhiteElo "1931"]
[BlackElo "1752"]
[PlyCount "59"]
[EventDate "2009.09.04"]

1. Nf3 d5 2. b3 Nf6 3. Bb2 e6 4. g3 Nc6 5. Bg2 Bc5 6. O-O O-O 7. c4 Re8 8. d4
Bd6 9. Ne5 Bd7 10. Nd2 Bxe5 11. dxe5 Ng4 12. e4 Ngxe5 13. exd5 exd5 14. cxd5
Nb4 15. Nc4 Ng4 16. Qd2 Na6 17. h3 Nf6 18. Rfe1 Bb5 19. Ne5 Nd7 20. a4 Nxe5 21.
axb5 Nc5 22. Rxe5 Rxe5 23. Bxe5 Nxb3 24. Qc3 Nxa1 25. Qxa1 f6 26. Bf4 a5 27.
bxa6 Rxa6 28. Qc3 c6 29. dxc6 bxc6 30. Qc4+ 1-0

[Event "XI Open"]
[Site "Crema ITA"]
[Date "2009.09.06"]
[Round "6"]
[White "Gonella, Graziano"]
[Black "Lanni, Vincenzo"]
[Result "0-1"]
[WhiteElo "1152"]
[BlackElo "1817"]
[PlyCount "75"]
[EventDate "2009.09.04"]

1. e4 g6 2. Nf3 Bg7 3. Bc4 d6 4. Nc3 Nf6 5. d4 O-O 6. O-O c5 7. Re1 Bg4 8. h3
Bxf3 9. gxf3 Nc6 10. d5 Nd4 11. Be3 Nh5 12. f4 a6 13. Bf1 b5 14. a3 Qc7 15. Rb1
e6 16. Bg2 e5 17. Ne2 Nxe2+ 18. Qxe2 exf4 19. Bc1 Be5 20. c3 Qd7 21. Qf3 f5 22.
Bd2 fxe4 23. Rxe4 Qf5 24. Rbe1 Ra7 25. Qg4 f3 26. Qxf5 Rxf5 27. Bh1 Nf6 28.
R1e3 Nxe4 29. Rxe4 Raf7 30. a4 Rh5 31. axb5 axb5 32. Re3 Rxh3 33. Bxf3 Rhxf3
34. Rxf3 Rxf3 35. Kg2 Rd3 36. Be1 Bxc3 37. Bxc3 Rxc3 38. bxc3 0-1

[Event "XI Open"]
[Site "Crema ITA"]
[Date "2009.09.06"]
[Round "6"]
[White "Guzzetti, Luigi Enrico"]
[Black "Agnelli, Francesco"]
[Result "0-1"]
[WhiteElo "1863"]
[BlackElo "2051"]
[PlyCount "72"]
[EventDate "2009.09.04"]

1. e4 c5 2. Nf3 Nc6 3. d4 cxd4 4. Nxd4 e5 5. Nb3 Nf6 6. Bd3 a5 7. Bg5 h6 8.
Bxf6 Qxf6 9. O-O a4 10. N3d2 Bc5 11. Nc3 O-O 12. Nd5 Qd8 13. Nc4 d6 14. Nce3
Ne7 15. Kh1 Nxd5 16. Nxd5 Qg5 17. f4 exf4 18. Rxf4 Be6 19. Qf3 Bd4 20. Nc7 Bxb2
21. Rf1 Qd8 22. Nxa8 Qxa8 23. c4 Be5 24. Rh4 Qd8 25. g3 Qg5 26. Kg1 Qd2 27. Rf2
Bd4 28. Qe2 Bxf2+ 29. Kxf2 Qxe2+ 30. Kxe2 Rc8 31. e5 dxe5 32. a3 f5 33. c5 e4
34. Bb5 Rxc5 35. Bxa4 Ra5 36. Be8 Rxa3 0-1

[Event "XI Open"]
[Site "Crema ITA"]
[Date "2009.09.06"]
[Round "6"]
[White "Leoni, Livio"]
[Black "Oteri, Aldo"]
[Result "1-0"]
[WhiteElo "2017"]
[BlackElo "1830"]
[PlyCount "99"]
[EventDate "2009.09.04"]

1. e4 e6 2. Nf3 d5 3. Nc3 Nf6 4. e5 Ne4 5. Ne2 Bc5 6. d4 Bb6 7. Ng3 Nd7 8. Bd3
f5 9. exf6 Ndxf6 10. Qe2 Ba5+ 11. c3 Nxc3 12. Qd2 Nfe4 13. Bxe4 dxe4 14. Ne5 c5
15. bxc3 cxd4 16. Bb2 Qd5 17. f4 b6 18. O-O-O dxc3 19. Bxc3 Qxd2+ 20. Bxd2
Bxd2+ 21. Kxd2 Bb7 22. Ke3 Bd5 23. Rd2 O-O 24. Rc1 b5 25. Nxe4 b4 26. Nc6 Bxc6
27. Rxc6 Rfe8 28. Rc7 Rec8 29. Rxc8+ Rxc8 30. Kd4 h6 31. Ke5 Rc6 32. g4 a5 33.
h4 a4 34. g5 Kh7 35. Rb2 Rb6 36. h5 g6 37. hxg6+ Kxg6 38. gxh6 Kxh6 39. Rg2 b3
40. axb3 axb3 41. Rb2 Kh5 42. Ng5 Kg4 43. Nxe6 Rb5+ 44. Ke4 Rb4+ 45. Nd4 Rb7
46. f5 Kg5 47. Rxb3 Re7+ 48. Kd5 Re8 49. Rb6 Rd8+ 50. Ke5 1-0

[Event "XI Open"]
[Site "Crema ITA"]
[Date "2009.09.06"]
[Round "6"]
[White "Madaschi, Sergio"]
[Black "Mansueti, Marco"]
[Result "1/2-1/2"]
[WhiteElo "1576"]
[BlackElo "1859"]
[PlyCount "63"]
[EventDate "2009.09.04"]

1. e4 e5 2. Nf3 Nc6 3. Bb5 Nf6 4. O-O Bc5 5. c3 d6 6. d4 exd4 7. cxd4 Bb6 8.
Re1 O-O 9. h3 h6 10. Nc3 Bd7 11. Be3 Re8 12. Bd3 a6 13. a3 Ne7 14. Qc2 Ng6 15.
e5 dxe5 16. Bxg6 exd4 17. Bxf7+ Kxf7 18. Bxd4 Bxd4 19. Nxd4 Kf8 20. Rad1 Rxe1+
21. Rxe1 c5 22. Ne6+ Bxe6 23. Rxe6 Qd7 24. Qe2 Rd8 25. Qe3 Kf7 26. Re5 b6 27.
Qf3 Kg8 28. Qe2 Qd2 29. Re3 Qc1+ 30. Kh2 Qd2 31. Ne4 Nxe4 32. Rxe4 1/2-1/2

[Event "XI Open"]
[Site "Crema ITA"]
[Date "2009.09.06"]
[Round "6"]
[White "Magrini, Fabrizio"]
[Black "Quagliarella, Sabino Remo"]
[Result "1-0"]
[WhiteElo "2150"]
[BlackElo "1917"]
[PlyCount "55"]
[EventDate "2009.09.04"]

1. e4 g6 2. d4 Bg7 3. Nc3 c6 4. Bc4 e6 5. Nf3 d5 6. Bd3 Nd7 7. Qe2 dxe4 8. Nxe4
Qe7 9. Bg5 Ngf6 10. O-O-O h5 11. Kb1 b6 12. Ne5 Bb7 13. Nxd7 Kxd7 14. Qf3 Kd8
15. Bxf6 Bxf6 16. Qxf6 Qxf6 17. Nxf6 Ke7 18. Ne4 f5 19. Ng5 Kf6 20. h4 c5 21.
dxc5 Bxg2 22. Rhe1 e5 23. cxb6 axb6 24. f3 Ra4 25. Rg1 Bxf3 26. Nxf3 e4 27. Bb5
Ra5 28. Nd4 1-0

[Event "XI Open"]
[Site "Crema ITA"]
[Date "2009.09.06"]
[Round "6"]
[White "Mussap, Angelo"]
[Black "Pinna, Ferdinando"]
[Result "1-0"]
[WhiteElo "2045"]
[BlackElo "1818"]
[PlyCount "27"]
[EventDate "2009.09.04"]

1. e4 c5 2. Nc3 Nc6 3. f4 d6 4. Nf3 g6 5. d4 cxd4 6. Nxd4 Bg7 7. Bb5 Bd7 8. Be3
Nf6 9. Qd2 O-O 10. O-O-O a6 11. Be2 b5 12. Bf3 Rc8 13. e5 dxe5 14. Nxc6 1-0

[Event "XI Open"]
[Site "Crema ITA"]
[Date "2009.09.06"]
[Round "6"]
[White "Ornaghi, Giovanni"]
[Black "Mattia, Ermanno"]
[Result "1/2-1/2"]
[WhiteElo "1568"]
[BlackElo "1725"]
[PlyCount "59"]
[EventDate "2009.09.04"]

1. e4 c5 2. Nf3 Nc6 3. Bb5 a6 4. Bxc6 bxc6 5. O-O d6 6. c3 e5 7. d4 cxd4 8.
cxd4 exd4 9. Qxd4 Nf6 10. e5 c5 11. Qd3 Nh5 12. Bg5 f6 13. exf6 Nxf6 14. Re1+
Be7 15. Bxf6 gxf6 16. Nc3 Ra7 17. Nd5 O-O 18. Qe4 Rf7 19. Qf4 Bf8 20. Re2 Rab7
21. Rae1 Bd7 22. Qg3+ Kh8 23. Qh4 Bc6 24. Qh5 Rg7 25. Nf4 Bd7 26. Ne6 Bxe6 27.
Rxe6 Rbe7 28. Qd5 Rxe6 29. Rxe6 Be7 30. Re1 1/2-1/2

[Event "XI Open"]
[Site "Crema ITA"]
[Date "2009.09.06"]
[Round "6"]
[White "Paglia, Angelo"]
[Black "Tedoldi, Guido"]
[Result "1/2-1/2"]
[WhiteElo "1615"]
[BlackElo "1774"]
[PlyCount "60"]
[EventDate "2009.09.04"]

1. d4 e6 2. c4 c5 3. d5 d6 4. Nc3 Nf6 5. e4 Nbd7 6. Bd3 Ne5 7. f4 Nxd3+ 8. Qxd3
e5 9. Nf3 Bg4 10. O-O Bxf3 11. Qxf3 Be7 12. fxe5 dxe5 13. Bg5 Qb6 14. b3 O-O
15. Rad1 h6 16. d6 Bd8 17. Bxf6 Bxf6 18. Nd5 Qd8 19. Nxf6+ Qxf6 20. Qxf6 gxf6
21. Rxf6 Kg7 22. Rf3 Rad8 23. d7 f6 24. Rd6 Rf7 25. Rfd3 Kg6 26. R3d5 b6 27.
Rxe5 Rfxd7 28. Rxd7 Rxd7 29. Rd5 Re7 30. Kf2 Rxe4 1/2-1/2

[Event "XI Open"]
[Site "Crema ITA"]
[Date "2009.09.06"]
[Round "6"]
[White "Poletti, Fausto"]
[Black "Cautiero, Pietro"]
[Result "1-0"]
[WhiteElo "1902"]
[BlackElo "1679"]
[PlyCount "85"]
[EventDate "2009.09.04"]

1. Nf3 a6 2. g3 g6 3. Bg2 Bg7 4. c4 d6 5. Nc3 c6 6. O-O Nf6 7. d4 O-O 8. e4 Bg4
9. h3 Bxf3 10. Bxf3 Nbd7 11. Be3 Qc8 12. Bg2 e5 13. d5 Ne8 14. Qd2 f5 15. Rac1
Ndf6 16. f3 Nh5 17. Bf2 f4 18. g4 Nhf6 19. b4 Qd7 20. Rfd1 Rd8 21. Bb6 Nc7 22.
a4 Rf7 23. Bf1 Bf8 24. Qf2 Rc8 25. Qb2 g5 26. b5 Na8 27. Bf2 c5 28. b6 h5 29.
gxh5 Rh7 30. Bg2 Rxh5 31. Kf1 Bh6 32. Ke2 Rf8 33. Rh1 Rf7 34. a5 Bf8 35. Rcg1
Rh6 36. Qb3 Nh5 37. Bf1 Rg7 38. Kd2 Rhg6 39. Be2 Nf6 40. Qd1 Be7 41. h4 g4 42.
fxg4 Nxe4+ 43. Nxe4 1-0

[Event "XI Open"]
[Site "Crema ITA"]
[Date "2009.09.06"]
[Round "6"]
[White "Potenza, Gaetano"]
[Black "Vuckovic, Dimitrije"]
[Result "1-0"]
[WhiteElo "1713"]
[BlackElo "1513"]
[PlyCount "73"]
[EventDate "2009.09.04"]

1. e4 c5 2. Nf3 d6 3. d4 cxd4 4. Nxd4 Nf6 5. Nc3 g6 6. Be3 Nc6 7. f3 Bg7 8. Bc4
O-O 9. Qd2 a6 10. O-O-O Ne5 11. Bb3 b5 12. g4 Nc4 13. Bxc4 bxc4 14. h4 h5 15.
Nf5 Bxf5 16. gxf5 Qa5 17. fxg6 Rab8 18. gxf7+ Kxf7 19. Rhg1 Ne8 20. Qg2 Ke6 21.
Qh3+ Kf7 22. Rd5 Qb4 23. Qf5+ Nf6 24. Rxg7+ Kxg7 25. Qe6 Qxb2+ 26. Kd2 Nxd5 27.
Nxd5 Qe5 28. Qh6+ Kg8 29. Qg6+ Kh8 30. Nxe7 c3+ 31. Ke2 Qh2+ 32. Bf2 Qf4 33.
Bd4+ Rf6 34. Bxf6+ Qxf6 35. Qxf6+ Kh7 36. Qg6+ Kh8 37. Qh6# 1-0

[Event "XI Open"]
[Site "Crema ITA"]
[Date "2009.09.06"]
[Round "6"]
[White "Raimondi, Giorgio"]
[Black "Lorenzotti, Fabrizio"]
[Result "0-1"]
[WhiteElo "1428"]
[BlackElo "1733"]
[PlyCount "108"]
[EventDate "2009.09.04"]

1. e4 c5 2. Nf3 d6 3. d4 cxd4 4. Nxd4 a6 5. Nc3 Nf6 6. Be3 Nc6 7. Be2 Bd7 8.
O-O e6 9. f4 Nxd4 10. Bxd4 Bc6 11. Bd3 Be7 12. Qe2 b5 13. a3 Rc8 14. e5 dxe5
15. Bxe5 Nd5 16. Nxd5 Qxd5 17. Rae1 Bf6 18. Bxf6 gxf6 19. Rf2 Qc5 20. Qe3 Qh5
21. Be4 Bxe4 22. Qxe4 Qc5 23. c3 Rd8 24. f5 Rd2 25. Ree2 Rd1+ 26. Re1 Rd2 27.
Ree2 Rd1+ 28. Re1 Rd2 29. Ref1 e5 30. g3 Qd5 31. Qxd5 Rxd5 32. Re2 O-O 33. Re4
Rfd8 34. Rf2 a5 35. Rfe2 Rd1+ 36. Kg2 R8d3 37. Kh3 Rf3 38. Kh4 Rxf5 39. g4 Rf3
40. Rg2 Rdd3 41. Rg3 Rxg3 42. hxg3 h6 43. c4 Rd2 44. Kh3 Rxb2 45. cxb5 Rxb5 46.
Re3 a4 47. Rc3 Rb3 48. Rc8+ Kg7 49. Ra8 Rxa3 50. Kg2 Ra2+ 51. Kf3 Ra1 52. Kf2
a3 53. Ra6 Kg6 54. Ra4 f5 0-1

[Event "XI Open"]
[Site "Crema ITA"]
[Date "2009.09.06"]
[Round "6"]
[White "Rota, Simone"]
[Black "Carletti, Angelo"]
[Result "1-0"]
[WhiteElo "2025"]
[BlackElo "1565"]
[PlyCount "83"]
[EventDate "2009.09.04"]

1. d4 d5 2. c4 c6 3. Nc3 e6 4. Nf3 Nf6 5. e3 Nbd7 6. Qc2 Bd6 7. Be2 dxc4 8.
Bxc4 b5 9. Bd3 Bb7 10. Ne4 Nxe4 11. Bxe4 Nf6 12. Bxc6+ Bxc6 13. Qxc6+ Ke7 14.
Qxb5 Rb8 15. Qd3 Bb4+ 16. Nd2 Bxd2+ 17. Bxd2 Qb6 18. Bc3 Rhc8 19. O-O Rc7 20.
e4 h6 21. a3 a5 22. Rac1 Rbc8 23. Rfe1 Kf8 24. h3 Kg8 25. Qd2 Qa7 26. d5 exd5
27. Bxf6 Rxc1 28. Rxc1 Rxc1+ 29. Qxc1 gxf6 30. Qc8+ Kg7 31. Qg4+ Kf8 32. exd5
Ke7 33. Qc4 Qb6 34. b4 axb4 35. Qxb4+ Qxb4 36. axb4 Kd6 37. Kh2 Kxd5 38. Kg3
Kc4 39. Kf4 Kxb4 40. Kf5 Kc4 41. Kxf6 Kd3 42. Kxf7 1-0

[Event "XI Open"]
[Site "Crema ITA"]
[Date "2009.09.06"]
[Round "6"]
[White "Scarabelli, Maurizio"]
[Black "Casale, Anania"]
[Result "1/2-1/2"]
[WhiteElo "1889"]
[BlackElo "1694"]
[PlyCount "60"]
[EventDate "2009.09.04"]

1. e4 c5 2. Nf3 e6 3. d4 cxd4 4. Nxd4 a6 5. Nc3 Nc6 6. Be3 Qc7 7. Qd2 Nf6 8. f3
Be7 9. O-O-O b5 10. g4 d6 11. h4 Nxd4 12. Bxd4 e5 13. Be3 Be6 14. Nd5 Bxd5 15.
exd5 Rc8 16. Rh2 O-O 17. h5 Nd7 18. g5 f5 19. gxf6 Bxf6 20. h6 Nc5 21. Bh3 Rcd8
22. Bxc5 Qxc5 23. Be6+ Kh8 24. hxg7+ Bxg7 25. Rxh7+ Kxh7 26. Qd3+ Kh6 27. f4
Rxf4 28. Qg3 Kh7 29. Rg1 Qxg1+ 30. Qxg1 Rdf8 1/2-1/2

[Event "XI Open"]
[Site "Crema ITA"]
[Date "2009.09.06"]
[Round "6"]
[White "Scarpellini, Felice"]
[Black "Sperli', Maurizio"]
[Result "1-0"]
[WhiteElo "1823"]
[BlackElo "1562"]
[PlyCount "69"]
[EventDate "2009.09.04"]

1. c4 Nf6 2. Nc3 g6 3. g3 Bg7 4. Bg2 O-O 5. Nf3 d6 6. d4 Re8 7. e4 Nbd7 8. O-O
e5 9. d5 h6 10. Nh4 Nc5 11. b4 Ncd7 12. Rb1 Nf8 13. Bd2 Kh7 14. c5 Bd7 15. Qe2
Qc8 16. Nb5 a6 17. Nc3 Bh3 18. f4 Bxg2 19. Nxg2 Qh3 20. Rbe1 Ng4 21. Ne3 Nxe3
22. Qxe3 Re7 23. f5 f6 24. Qf3 g5 25. g4 Qxf3 26. Rxf3 Rc8 27. Ne2 dxc5 28.
bxc5 Nd7 29. Bb4 Rf7 30. Rc1 b6 31. cxb6 Nxb6 32. Ba5 Na8 33. Rc6 Bf8 34. Rfc3
Bd6 35. Rxd6 1-0

[Event "XI Open"]
[Site "Crema ITA"]
[Date "2009.09.06"]
[Round "6"]
[White "Scovazzi, Tullio"]
[Black "Frugoni, Giulio"]
[Result "1-0"]
[WhiteElo "1651"]
[BlackElo "1762"]
[PlyCount "69"]
[EventDate "2009.09.04"]

1. e4 e5 2. Bc4 Nf6 3. d4 exd4 4. Nf3 Bb4+ 5. c3 dxc3 6. bxc3 Be7 7. e5 Ng4 8.
h3 Nxf2 9. Kxf2 Bc5+ 10. Be3 Bxe3+ 11. Kxe3 O-O 12. Re1 Nc6 13. Kf2 Qe7 14. Qd3
Na5 15. Bb3 b6 16. Nbd2 Bb7 17. Re3 c5 18. Rae1 Rac8 19. Nc4 Nxc4 20. Bxc4 g6
21. Bd5 c4 22. Bxc4 Rc5 23. Bb5 Rd5 24. Qe2 Rc8 25. c4 Rdc5 26. Rd1 R8c7 27.
Red3 Bc8 28. Qd2 a6 29. Bxd7 Rxc4 30. Qg5 Rc2+ 31. Kg1 Qc5+ 32. Kh2 Qf2 33.
Bxc8 Kg7 34. Bxa6 R7c5 35. R3d2 1-0

[Event "XI Open"]
[Site "Crema ITA"]
[Date "2009.09.06"]
[Round "6"]
[White "Vishanji, Franz"]
[Black "Folcini, Gaddo"]
[Result "1-0"]
[WhiteElo "1646"]
[BlackElo "1514"]
[PlyCount "87"]
[EventDate "2009.09.04"]

1. e4 d5 2. exd5 Nf6 3. Nc3 e5 4. dxe6 Bxe6 5. Nf3 Be7 6. d4 O-O 7. Bd3 Nc6 8.
Be3 Ng4 9. Be4 Nxe3 10. fxe3 Nb4 11. Bxb7 Rb8 12. Be4 f5 13. Bd3 Nxd3+ 14. Qxd3
f4 15. O-O fxe3 16. Qxe3 Bc4 17. Rf2 Qd7 18. Ne5 Qc8 19. Nxc4 Rxf2 20. Qxf2 Qa6
21. Qe2 Bf6 22. d5 Bd4+ 23. Kh1 Qg6 24. Qe6+ Kh8 25. Qxg6 hxg6 26. Rf1 g5 27.
h3 g4 28. hxg4 Kh7 29. Rf4 Bc5 30. Rf7 Rh8 31. Rf3 Kg6+ 32. Rh3 Re8 33. g3 Re1+
34. Kh2 Kg5 35. Kg2 Rg1+ 36. Kf3 Rf1+ 37. Ke2 Rf2+ 38. Kd3 Rf3+ 39. Ke4 Kxg4
40. Rh7 Kxg3 41. Rxg7+ Kf2 42. Rxc7 Bf8 43. d6 Rf7 44. Rxf7+ 1-0

[Event "VI Open Settembre Vomero"]
[Site "Napoli ITA"]
[Date "2009.09.10"]
[Round "1"]
[White "Angelotti, Mario"]
[Black "Accardo, Francesco"]
[Result "1-0"]
[WhiteElo "1428"]
[BlackElo "1869"]
[PlyCount "65"]
[EventDate "2009.09.10"]

1. e4 a6 2. d4 b5 3. Nf3 Bb7 4. Bd3 e6 5. Be3 g6 6. c3 Ne7 7. O-O h5 8. Nbd2
Bg7 9. e5 d6 10. Be4 d5 11. Bd3 Nd7 12. Bg5 c5 13. Rc1 Bf8 14. Nh4 Qb6 15. Ndf3
a5 16. Rc2 a4 17. Qd2 b4 18. cxb4 c4 19. Be2 a3 20. Ra1 Nc6 21. b3 Bxb4 22. Qe3
cxb3 23. Qxb3 Nxd4 24. Nxd4 Qxd4 25. Rb1 Bc5 26. Nf3 Qxf2+ 27. Kh1 f6 28. Rf1
Qxf1+ 29. Bxf1 fxg5 30. Qxb7 Rd8 31. Qc6 O-O 32. Qxe6+ Rf7 33. Nxg5 1-0

[Event "VI Open Settembre Vomero"]
[Site "Napoli ITA"]
[Date "2009.09.10"]
[Round "1"]
[White "Caiazzo, Diego"]
[Black "Piscopia, Carmela"]
[Result "1-0"]
[WhiteElo "1883"]
[BlackElo "1430"]
[PlyCount "67"]
[EventDate "2009.09.10"]

1. d4 Nf6 2. Nf3 e6 3. Bg5 d5 4. e3 Nbd7 5. c4 Bb4+ 6. Nc3 O-O 7. Be2 c5 8. O-O
cxd4 9. exd4 dxc4 10. Bxc4 Nb6 11. Be2 Nbd5 12. Qb3 Be7 13. Rfd1 b6 14. Rac1
Bb7 15. a3 Rc8 16. h3 Nh5 17. Bxe7 Qxe7 18. Nxd5 Bxd5 19. Qe3 Nf6 20. Ne5 Ne4
21. Bf3 f5 22. Rxc8 Rxc8 23. Rc1 Rxc1+ 24. Qxc1 Qb7 25. Qc2 g6 26. Qa4 b5 27.
Qa5 Kg7 28. Qd8 Nd2 29. Bxd5 Qxd5 30. Qe7+ Kh6 31. Nf7+ Kg7 32. Ng5+ Kh6 33.
Nxe6 Qxe6 34. Qxe6 1-0

[Event "VI Open Settembre Vomero"]
[Site "Napoli ITA"]
[Date "2009.09.10"]
[Round "1"]
[White "Capozzoli, Silvio"]
[Black "Caporali, Dante"]
[Result "1-0"]
[WhiteElo "1951"]
[BlackElo "1571"]
[PlyCount "87"]
[EventDate "2009.09.10"]

1. e4 e6 2. Qe2 d5 3. exd5 Qxd5 4. Nc3 Qd8 5. Nf3 Nf6 6. g3 Be7 7. Bg2 O-O 8.
O-O Nbd7 9. d4 Nb6 10. a3 c6 11. Re1 Nbd5 12. Ne4 Bd7 13. c4 Nxe4 14. Qxe4 Nf6
15. Qd3 Rc8 16. Ne5 b6 17. b4 h6 18. Be3 Bd6 19. Rad1 Rc7 20. Qd2 c5 21. Nxd7
Rxd7 22. Bc6 Rc7 23. dxc5 Rxc6 24. b5 Rc8 25. Qxd6 Qxd6 26. Rxd6 bxc5 27. f3
Rfd8 28. Red1 Rxd6 29. Rxd6 Kf8 30. Kf2 Ke7 31. Ra6 Rc7 32. Bf4 Rd7 33. Ke2 Ne8
34. Rc6 g5 35. Be3 Nf6 36. Bxc5+ Kd8 37. Ra6 Kc8 38. Rxa7 Rxa7 39. Bxa7 Kb7 40.
Bd4 Nd7 41. c5 Kc7 42. a4 f6 43. c6 Nb8 44. Bxf6 1-0

[Event "VI Open Settembre Vomero"]
[Site "Napoli ITA"]
[Date "2009.09.10"]
[Round "1"]
[White "De Rosa, Francesco"]
[Black "Di Gennaro, Antonio"]
[Result "1-0"]
[WhiteElo "1973"]
[BlackElo "1700"]
[PlyCount "93"]
[EventDate "2009.09.10"]

1. e4 c5 2. c3 d5 3. exd5 Qxd5 4. d4 Nf6 5. Nf3 e6 6. Be3 cxd4 7. cxd4 Nc6 8.
Nc3 Qd6 9. Qd2 Be7 10. Bd3 O-O 11. O-O Nb4 12. Ne4 Nxe4 13. Bxe4 Nd5 14. Rac1
b6 15. Ne5 Bb7 16. Qd3 f5 17. Bf3 Rac8 18. Bd2 Bf6 19. Nc4 Qd7 20. Rfe1 Rfe8
21. g3 Ba6 22. b3 Qd8 23. Rcd1 Rc6 24. Bf4 Nxf4 25. gxf4 Bxc4 26. bxc4 Rd6 27.
d5 Kh8 28. Qa3 Qc7 29. Qa4 Qb8 30. Re3 e5 31. fxe5 Rxe5 32. Rde1 Rxe3 33. Rxe3
Rd8 34. d6 h6 35. d7 Be5 36. h4 Qc7 37. Qb5 Bh2+ 38. Kh1 Qxd7 39. Qxd7 Rxd7 40.
Kxh2 Rd2 41. Re2 Rd4 42. Kg3 Rxc4 43. Re8+ Kh7 44. h5 Ra4 45. Bd5 Rg4+ 46. Kh3
Rf4 47. Bg8+ 1-0

[Event "VI Open Settembre Vomero"]
[Site "Napoli ITA"]
[Date "2009.09.10"]
[Round "1"]
[White "De Rosa, Mariagrazia"]
[Black "Gallina, Giacomo"]
[Result "1-0"]
[WhiteElo "2101"]
[BlackElo "1810"]
[PlyCount "79"]
[EventDate "2009.09.10"]

1. e4 d5 2. exd5 Nf6 3. c4 c6 4. d4 cxd5 5. Nc3 e6 6. Bf4 a6 7. Nf3 Be7 8. Bd3
Nc6 9. O-O O-O 10. c5 Nb4 11. Bb1 h6 12. a3 Nc6 13. Qd3 Qa5 14. Bc2 Bd7 15. Ne5
Qd8 16. Ng4 g6 17. Nxf6+ Bxf6 18. Bxh6 Nxd4 19. Bxf8 Nxc2 20. Qxc2 Qxf8 21. b4
Qh6 22. Rae1 Kg7 23. Re3 d4 24. Rh3 Qf4 25. Rd1 Bc6 26. Ne2 Qg5 27. Rg3 Qh4 28.
h3 e5 29. Rg4 Qh5 30. Ng3 Qh8 31. Ne4 Bd7 32. Nxf6 Kxf6 33. Rg3 Qh4 34. Qe2 Re8
35. Qf3+ Kg7 36. Qxb7 Bc8 37. Qd5 Qh5 38. Re1 Qf5 39. Rf3 Qd7 40. Rxe5 1-0

[Event "VI Open Settembre Vomero"]
[Site "Napoli ITA"]
[Date "2009.09.10"]
[Round "1"]
[White "Donadio, Andrea"]
[Black "Valenzi, Marco"]
[Result "1-0"]
[WhiteElo "1637"]
[BlackElo "1973"]
[PlyCount "49"]
[EventDate "2009.09.10"]

1. e4 c5 2. Nc3 d6 3. f4 Nc6 4. Nf3 e6 5. Bb5 Bd7 6. O-O a6 7. Be2 b5 8. a4 b4
9. Nb1 Qc7 10. Bc4 Nf6 11. Qe1 Na5 12. d3 Bc6 13. Nbd2 Be7 14. f5 Nxc4 15. Nxc4
exf5 16. Nxd6+ Bxd6 17. e5 Bxe5 18. Nxe5 O-O 19. Rxf5 Rae8 20. Qg3 Nd5 21. Bh6
f6 22. Nxc6 Qxg3 23. hxg3 gxh6 24. Rxd5 Re6 25. Rxc5 1-0